LEADER 01221nam--2200409---450- 001 990001181120203316 005 20031104111448.0 010 $a0-07-105476-6 035 $a000118112 035 $aUSA01000118112 035 $a(ALEPH)000118112USA01 035 $a000118112 100 $a20030930d1996----km-y0itay0103----ba 101 0 $aeng 102 $aUS 105 $aa|||||||001yy 200 1 $aCasarett and Doul's toxicology$ethe basic science of poison$feditori: Curtiss D. Klaassen$geditors emeriti: Mary O. Amdur, John Doull 205 $a5. ed 210 $aNew York [etc.]$cMcGraw-Hill$dcopyr. 1996 215 $aXV, 1111 p.$cill., graf., tab.$d29 cm 410 0$12001 454 1$12001 461 1$1001-------$12001 606 0 $aTossicologia 676 $a615.9 702 1$aKLAASSEN,$bCurtiss D. 702 1$aAMDUR,$bMary O. 702 1$aDOULL,$bJohn 801 0$aIT$bsalbc$gISBD 912 $a990001181120203316 951 $a615.9 CAS$b1271 FAR$c615.9 959 $aBK 979 $aSIAV1$b10$c20030930$lUSA01$h1204 979 $aSIAV1$b10$c20031104$lUSA01$h1114 979 $aPATRY$b90$c20040406$lUSA01$h1725 996 $aCasarett and Doul's toxicology$9982727 997 $aUNISA LEADER 01740oam 2200469M 450 001 9910716366403321 005 20200213070559.3 035 $a(CKB)5470000002520470 035 $a(OCoLC)1065920002 035 $a(OCoLC)995470000002520470 035 $a(EXLCZ)995470000002520470 100 $a20071213d1926 ua 0 101 0 $aeng 135 $aurcn||||||||| 181 $ctxt$2rdacontent 182 $cc$2rdamedia 183 $acr$2rdacarrier 200 10$aAppeals from interlocutory decrees in admiralty cases. February 25, 1926. -- Referred to the House Calendar and ordered to be printed 210 1$a[Washington, D.C.] :$c[U.S. Government Printing Office],$d1926. 215 $a1 online resource (2 pages) 225 1 $aHouse report / 69th Congress, 1st session. House ;$vno. 386 225 1 $a[United States congressional serial set ] ;$v[serial no. 8532] 300 $aBatch processed record: Metadata reviewed, not verified. Some fields updated by batch processes. 300 $aFDLP item number not assigned. 606 $aAppellate courts 606 $aAppellate procedure 606 $aLegislative amendments 606 $aMaritime law 608 $aLegislative materials.$2lcgft 615 0$aAppellate courts. 615 0$aAppellate procedure. 615 0$aLegislative amendments. 615 0$aMaritime law. 701 $aGraham$b George Scott$f1850-1931$pRepublican (PA)$01386798 801 0$bWYU 801 1$bWYU 801 2$bOCLCO 801 2$bOCLCQ 906 $aBOOK 912 $a9910716366403321 996 $aAppeals from interlocutory decrees in admiralty cases. February 25, 1926. -- Referred to the House Calendar and ordered to be printed$93440245 997 $aUNINA